Logo BPK

Biblioteka

Politechniki Koszalińskiej

18 Międzynarodowe Sympozjum Naukowe Studentów i Młodych Pracowników Nauki = (Rekord nr 31211)

Szczegóły MARC
000 -ETYKIETA REKORDU
podpole kontrolne o stałej długości 01336nam a2200241 i 4500
001 - NUMER KONTROLNY REKORDU
pole kontrolne bg
040 ## - ŹRÓDŁO KATALOGOWANIA
Instytucja, która utworzyła rekord BPK
041 0# - KOD JĘZYKA
Kod języka tekstu plenru
Kod języka streszczenia lub abstraktu enru
080 ## - UNIWERSALNA KLASYFIKACJA DZIESIĘTNA - UKD
UKD 62+69+504.05+681.322.004+658.1/.5.012::66/69](061.3)
008 - POLE O STAŁEJ DŁUGOŚCI - DANE KONTROLNE
podpole kontrolne o stałej długości s pl f |000 0 pol
111 2# - NAZWA IMPREZY
Nazwa imprezy Międzynarodowe Sympozjum Naukowe Studentów i Młodych Pracowników Nauki
Oznaczenie części/sekcji/imprezy (18 ;
Data imprezy 1996 ;
Miejsce imprezy Zielona Góra).
245 03 - TYTUŁ/ODPOWIEDZIALNOŚĆ
Tytuł 18 Międzynarodowe Sympozjum Naukowe Studentów i Młodych Pracowników Nauki =
Ciąg dalszy tytułu 18 Internationales Wissenschaftliches Kolloquium der Studenten und Jungen Wissenschaftler = 18 Meždunarodnyj Naučnyj Simpozium Studentov i Molodych Naučnych Rabotnikov : Zielona Góra, kwiecień 1996.
Oznaczenie części/sekcji dzieła T. 4,
Tytuł części/sekcji dzieła Informatyka = Informatik = Informatika /
Pozostałe elementy strefy tytułu i oznaczenia odpowiedzialności [kol. red. Mariusz Mikołajewski et al.] ; Wyższa Szkoła Inżynierska w Zielonej Górze.
246 11 - WARIANT TYTUŁU
Tytuł Internationales Wissenschaftliches Kolloquium der Studenten und Jungen Wissenschaftler, 18
246 11 - WARIANT TYTUŁU
Tytuł Meždunarodnyj Naučnyj Simpozium Studentov i Molodych Naučnych Rabotnikov, 18
260 ## - STREFA ADRESU WYDAWNICZEGO
Miejsce wydania Zielona Góra :
Nazwa wydawcy/dystrybutora WSI,
Data publikacji, dystrybucji/powstania dokumentu 1996.
300 ## - STREFA OPISU FIZYCZNEGO
Objętość 258 s. :
Inne cechy fizyczne 2 fot., rys., wykr. ;
Rozmiary 24 cm.
500 ## - UWAGI OGÓLNE
Tekst uwagi Tekst częśc. ang., ros.
504 ## - UWAGA DOTYCZĄCA BIBLIOGRAFII
Informacje o bibliografii Bibliogr., rez., summ., przy ref.
650 #9 - HASŁO PRZEDMIOTOWE W FORMIE NAZWY OGÓLNEJ LUB JEDNOSTKOWEJ
Nazwa ogólna lub geograficzna Informatyka
655 ## - TERMIN INDEKSOWY - OKREŚLENIE RODZAJU/FORMY DOKUMENTU
Określenie rodzaju/formy dokumentu Materiały konferencyjne
700 1# - HASŁO DODATKOWE - NAZWA OSOBOWA
Nazwa osobowa Mikołajewski, Mariusz.
Określenie związku między hasłem a opisywanym materiałem Red.
856 ## - LOKALIZACJA I DOSTĘP DO ELEKTRONICZNYCH DOKUMENTÓW ZDALNYCH
Link (URL) http://koha.tu.koszalin.pl/cgi-bin/koha/opac-detail.pl?biblionumber=31211
Tekst linku Katalog online BPK
942 ## - DODATKOWE ELEMENTY (KOHA)
Typ dokumentu Książka
Egzemplarze
Wycofany Status egzemplarza Uszkodzony Dostępność Lokalizacja stała Lokalizacja bieżąca Miejsce przechowywania Sygnatura Kod kreskowy Typ dokumentu
      Dostępny Biblioteka Politechniki Koszalińskiej Biblioteka Politechniki Koszalińskiej Wypożyczalnia BG 38369 01157154 Książka
© 2023 Biblioteka Politechniki Koszalińskiej :: KOHA